Tous les buteurs du Football Frontier - Inazuma Eleven - Statistiques

Statistiques générales
  • Ce quiz a été pris 473 fois
  • Le résultat moyen est 8 sur 15
Statistiques - réponses
Nombre(s) de but(s) Joueur % Correct
10 Axel
99%
5 Jude
91%
4 Kevin
86%
6 Mark
85%
6 Erik
69%
1 Nathan
69%
1 Byron Love
68%
1 Jack
68%
3 Bobby
56%
1 Willy
46%
1 Tyler Murdock
31%
1 Sail Bluesea
16%
1 Henry House
8%
1 Jonas Demetrius
6%
1 Stuart Raccoonfur
2%
Aucun quiz correspondant
Distribution des résultats
% des personnes avec chaque résultat
Percentile par nombre de réponses
Votre historique - résultats
Vous n’avez pas pris ce quiz